Statistiques concernant Culture Générale - Série 1868

Cliquez ici pour prendre le quiz!

Statistiques générales

  • Ce quiz a été pris 92 fois
  • Le résultat moyen est 4 sur 10

Statistiques - réponses

QuestionRéponse% Correct
Au baseball, comment appelle-t-on l'objet en bois destiné à frapper la balle ?batte
92%
Quelle est l'unité monétaire de l'Algérie ?dinar
66%
Pendant la Révolution de 1789, comment appelait-on l'Insurgé royaliste de l'ouest de la France ?chouan
62%
Quel prénom féminin désigne également un sable mouvant ?Lise
42%
Dans quel pays européen se trouve la ville d'Olten ?Suisse
42%
Quelle plante maritime sauvage, gorgée d'eau et de sel est riche en vitamines ? voir photosalicorne
40%
Quelle ville du département de la Gironde est située au confluent de l'Isle et de la Dordogne ?Libourne
33%
Dans quel pays européen se trouve la ville d'Arad ?Roumanie
23%
Dans le corps humain, le "vomer" est un os du ...nez
16%
A l'origine ce nom désigne une danseuse, chanteuse et musicienne égyptienne de grande qualité appelée dans les harems pour instruire et divertir les femmes des riches seigneursalmée
0%

Distribution des résultats

Percentile par nombre de réponses

% des personnes avec chaque résultat

Votre développement - résultats

Vous n’avez pas pris ce quiz